Statistics for Type Ukraine in 15 seconds

Click here to take the quiz!

General Stats

  • This quiz has been taken 182 times
  • The average score is 11 of 50

Answer Stats

Answer% Correct
ukraine
99%
ukraine
96%
ukraine
91%
ukraine
90%
ukraine
85%
ukraine
79%
ukraine
63%
ukraine
51%
ukraine
41%
ukraine
36%
ukraine
28%
ukraine
23%
ukraine
17%
ukraine
15%
ukraine
10%
ukraine
10%
ukraine
10%
ukraine
9%
ukraine
8%
ukraine
8%
ukraine
8%
ukraine
8%
ukraine
8%
ukraine
8%
ukraine
8%
ukraine
8%
ukraine
8%
ukraine
8%
ukraine
8%
ukraine
8%
ukraine
8%
ukraine
8%
ukraine
8%
ukraine
8%
ukraine
8%
ukraine
8%
ukraine
8%
ukraine
8%
ukraine
8%
ukraine
8%
ukraine
7%
ukraine
7%
ukraine
7%
ukraine
7%
ukraine
7%
ukraine
7%
ukraine
7%
ukraine
7%
ukraine
7%
ukraine
7%

Score Distribution

Percentile by Number Answered

Percent of People with Each Score

Your Score History

You have not taken this quiz